|
|
|
|
| LEADER |
00000nam1a2200000 4500 |
| 001 |
297396 |
| 005 |
20231102001013.0 |
| 020 |
|
|
|a RU
|b 84-57015
|
| 035 |
|
|
|a (RuTPU)RU\TPU\book\322529
|
| 090 |
|
|
|a 297396
|
| 100 |
|
|
|a 20150608d1984 km y0rusy5003 ca
|
| 101 |
0 |
|
|a rus
|
| 200 |
1 |
|
|a Железо. Факты и легенды
|g пер. с нем. Г. Г. Кефера
|f М. Беккерт
|
| 210 |
|
|
|a Москва
|c Металлургия
|d 1984
|
| 215 |
|
|
|a 232 с.
|c ил.
|
| 320 |
|
|
|a Библиогр.: с. 231-232
|
| 606 |
1 |
|
|a Железо
|x Металлография
|2 stltpush
|3 (RuTPU)RU\TPU\subj\10574
|9 37625
|
| 610 |
1 |
|
|a металлургия
|
| 610 |
1 |
|
|a история
|
| 610 |
1 |
|
|a легенды
|
| 610 |
1 |
|
|a применение
|
| 610 |
1 |
|
|a энергетика
|
| 610 |
1 |
|
|a химическая технология
|
| 610 |
1 |
|
|a космическое материаловедение
|
| 610 |
1 |
|
|a ядерная энергетика
|
| 675 |
|
|
|a 669.11
|z rus
|v 3
|
| 700 |
|
1 |
|a Беккерт
|b М.
|g Манфред
|4 070
|
| 702 |
|
1 |
|a Кефер
|b Г. Г.
|4 730
|
| 801 |
|
0 |
|a RU
|b RuMRKP
|c 19950704
|g psbo
|
| 801 |
|
1 |
|a RU
|b 63413507
|c 20150608
|
| 801 |
|
2 |
|a RU
|b 63413507
|c 20190130
|g RCR
|
| 942 |
|
|
|c BK
|